Bundesliga: Trainer mit den meisten Spielen - Statistiken

Allgemein
  • Dieses Quiz wurde 585 mal gespielt
    148 seit der letzten Aktualisierung
  • Das Durchschnittsergebnis liegt bei 13 aus 26
Antwortstatistiken
Spiele Vereine Antwort % Korrekt
668 Gladbach, Bayern, Frankfurt,Schalke, Leverkusen Jupp Heynckes
90%
391 Freiburg Christian Streich
86%
340 Mainz, Dortmund Jürgen Klopp
81%
460 BVB, Bayern Ottmar Hitzfeld
78%
525 Werder, Frankfurt, Hannover Thomas Schaaf
78%
522 Bayern, Gladbach, BVB,Köln, Schalke Udo Lattek
77%
502 HSV, Werder, Frankfurt, VfB,Bayern, Wolfsburg, Schalke, Hertha Felix Magath
73%
837 Offenbach, Bremen, BVB,Bielefeld, Düsseldorf, Bayern, Lautern, Hertha Otto Rehhagel
73%
515 Uerdingen, Duisburg, Rostock,Köln, Frankfurt, Hertha, Düsseldorf Friedhelm Funkel
70%
443 Aachen, Hannover, Nürnberg,Wolfsburg, Gladbach, Bochum Dieter Hecking
63%
425 Köln, VfB, Leverkusen,Frankfurt Christoph Daum
61%
387 Schalke, Hertha, HSV, VfB, Hoffenheim Huub Stevens
56%
343 Freiburg, Köln Volker Finke
56%
470 Gladbach, Köln Hennes Weisweiler
54%
307 Hertha, Gladbach, Dortmund Lucien Favre
49%
304 Stuttgart, Wolfsburg, Hamburg, Frankfurt Armin Veh
48%
386 KSC, VfB Winfried Schäfer
43%
569 Frankfurt, Lautern, BVB, Leverkusen, Bayern Erich Ribbeck
33%
414 Lautern, BVB, Bielefeld,Uerdingen, Frankfurt Karl-Heinz Feldkamp
23%
415 Bayern, VfB, Braunschweig,HSV, BVB, Frankfurt Branko Zebec
22%
347 Lautern, Duisburg, Tasmania, Köln, Offenbach, Bayern, Schalke Gyula Lóránt
22%
326 Hannover, Freiburg, Frankfurt, Köln, Schalke, KSC, Rostock, Bielefeld Jörg Berger
17%
369 Düsseldorf, Lautern, Frankfurt Dietrich Weise
8%
396 Bochum, Duisburg,Düsseldorf, Nürnberg Heinz Höher
8%
351 Duisburg, Bochum, Schalke, Uerdingen, Düsseldorf Rolf Schafstall
8%
347 Braunschweig, Hannover, Bochum Helmuth Johannsen
6%
Keine übereinstimmenden Quizze gefunden
Verteilung der Resultate
Anzahl Personen mit jedem Resultat
Perzentil nach korrekt beantworteten Fragen
Ihre Resultats-Entwicklung
Sie haben dieses Quiz seit der letzten Aktualisierung nicht gespielt